Reasentamiento e integración de población en centroamérica: la gestión de las diferencias /
Gespeichert in:
| 1. Verfasser: | |
|---|---|
| Format: | Text |
| Schlagworte: | |
| Tags: |
Tag hinzufügen
Keine Tags, Fügen Sie den ersten Tag hinzu!
|
MARC
| LEADER | 00000 a a2200000 04500 | ||
|---|---|---|---|
| 001 | 5003 | ||
| 003 | |||
| 040 | |||
| 100 | |a Casasfranco Roldan, María Virginia | ||
| 245 | |a Reasentamiento e integración de población en centroamérica: la gestión de las diferencias / |c María Virginia Casasfranco Roldan | ||
| 500 | |a Extractos de la Ponencia presentada en el Seminario Internacional "Construyendo hoy las ciencias del mañana", Escuela-Forum, Medellín, Colombia, agosto 1999 | ||
| 650 | |a MIGRACION | ||
| 650 | |a DERECHOS HUMANOS | ||
| 650 | |a GOBIERNO | ||
| 650 | |a INTERVENCION DEL ESTADO | ||
| 650 | |a PARTICIPACION SOCIAL | ||
| 650 | |a CULTURA | ||
| 650 | |a MEDIO CULTURAL | ||
| 650 | |a PROBLEMAS SOCIALES | ||
| 650 | |a MIGRANTES | ||
| 650 | |a EMIGRANTES | ||
| 650 | |a ASIMILACION DE MIGRANTES | ||
| 650 | |a MIGRACION INTERREGIONAL | ||
| 650 | |a MIGRACION INTERNA | ||
| 650 | |a POLITICA MIGRATORIA | ||
| 650 | |a TRANSFEREN | ||
| 773 | |g número 40; páginas 2-4 | ||
| 999 | |c 21469 |d 21469 | ||
